000 00950nam a2200301 i 4500
001 000013162
003 DO-SdBNP
005 20250331145538.0
007 ta
008 091120s2002 dr 000 f spa d
020 _a9993420255
040 _aDO-SdBNP
_bspa
_cBNPHU
_erda
041 _aspa
082 4 _aRD863.44
_bV145hu
_222
100 1 _aValdez, Diógenes,
_d1941-
_eautor
_4aut.
_920511
245 1 0 _aHuellas en la arena mojada :
_b(otro antes) /
_cDiógenes Valdez.
264 1 _aSanto Domingo :
_bEditora Manatí,
_c2002.
300 _a109 páginas ;
_c22 cm.
336 _atexto
_btxt
_2rdacontent
337 _asin mediación
_bn
_2rdamedia
338 _avolumen
_bnc
_2rdacarrier
590 _aInventariado, 2020 /LP
650 4 _aNovela dominicana
_9223
650 4 _aLiteratura dominicana.
_967
700 1 2 _aHernández Franco, Tomás,
_d1904-1952
_tYelidá
_930249
910 _aValidado. Control de calidad BNPHU
942 _2ddc
_cLBS1
999 _c12801
_d12801